Legendary / (Record no. 9647)

MARC details
000 -LEADER
fixed length control field 00850nam a22002537a 4500
001 - CONTROL NUMBER
control field 9647
003 - CONTROL NUMBER IDENTIFIER
control field FISKH
005 - DATE AND TIME OF LATEST TRANSACTION
control field 20260127154712.0
008 - FIXED-LENGTH DATA ELEMENTS--GENERAL INFORMATION
fixed length control field 260127b cb ||||| |||| 00| 0 eng d
020 ## - INTERNATIONAL STANDARD BOOK NUMBER
International Standard Book Number 9781399633802
040 ## - CATALOGING SOURCE
Original cataloging agency FISKH
Language of cataloging eng
Transcribing agency FISKH
Modifying agency FISKH
050 ## - LIBRARY OF CONGRESS CALL NUMBER
Classification number PZ7.1 .G368 .L
082 ## - DEWEY DECIMAL CLASSIFICATION NUMBER
Classification number 813.6
100 ## - MAIN ENTRY--PERSONAL NAME
Personal name Garber, Stephanie
245 ## - TITLE STATEMENT
Title Legendary /
Statement of responsibility, etc. Stephanie Garber
250 ## - EDITION STATEMENT
Edition statement This edition published in 2025
260 ## - PUBLICATION, DISTRIBUTION, ETC.
Place of publication, distribution, etc. London :
Name of publisher, distributor, etc. An Hachette,
Date of publication, distribution, etc. 2018
300 ## - PHYSICAL DESCRIPTION
Extent 423 pages :
Dimensions 20 cm
490 ## - SERIES STATEMENT
Series statement Caraval :
Volume/sequential designation Book two
520 ## - SUMMARY, ETC.
Summary, etc. Having made a deal with a criminal to save her sister Scarlett from a disastrous arranged marriage, Tella must win Caraval and uncover Legend's identity, or risk losing everything, including her life.
650 ## - SUBJECT ADDED ENTRY--TOPICAL TERM
Topical term or geographic name entry element Fantasy
Form subdivision Young Adult
942 ## - ADDED ENTRY ELEMENTS (KOHA)
Source of classification or shelving scheme Dewey Decimal Classification
Koha item type Books
Suppress in OPAC No
Holdings
Withdrawn status Lost status Source of classification or shelving scheme Damaged status Not for loan Collection Home library Current library Shelving location Date acquired Total Checkouts Full call number Barcode Date last seen Copy number Price effective from Koha item type
    Dewey Decimal Classification     Fiction Footprints International School Library Network Toul Kork Campus Footprints International School Library Network Toul Kork Campus A TK Campus, 4th Floor, Room B401, Fiction Bookcases (1-6) 01/27/2026   GAR 813.6 PZ7.1 .G368 .L 2026-0165 01/27/2026 1 01/27/2026 Books